| 000 | 00336nam a2200121Ia 4500 | ||
|---|---|---|---|
| 008 | 191014s9999 xx 000 0 und d | ||
| 082 |
_a512.5 _bFOX |
||
| 100 |
_aL. Fox, M.A., D.sc _923746 |
||
| 245 | 3 | _aAn Introduction to Numerical Linear Algebra | |
| 260 |
_aLondon _bClarendon Press - Oxford _c1964 |
||
| 300 | _aXi,328 | ||
| 942 | _cBK | ||
| 999 |
_c531243 _d531243 |
||